[Event "ESP-ch U18"]
[Site "Salobrena"]
[Date "2012.07.24"]
[Round "3"]
[White "De la Esperanza Martin, Alberto"]
[Black "Aranaz Murillo, Amalia"]
[Result "0-1"]
[WhiteElo "1907"]
[BlackElo "2248"]
[PlyCount "116"]
[EventDate "2012.07.23"]
[EventType "swiss"]
[EventRounds "9"]
[EventCountry "ESP"]
[SourceTitle "EXT 2014"]
[Source "ChessBase"]
[SourceDate "2013.11.20"]
[SourceVersion "1"]
[SourceVersionDate "2013.11.20"]
[SourceQuality "1"]

1. e4 e6 2. d4 d5 3. Nd2 Nc6 4. c3 e5 5. exd5 Qxd5 6. Qe2 Be7 7. dxe5 Nxe5 8. Ngf3 Nc6 9. h3 Nf6 10. Qc4 0-0 11. Bd3 Rd8 12. Bc2 Qh5 13. 0-0 Be6 14. Qh4 Qxh4 15. Nxh4 Nd5 16. Nhf3 Nf4 17. Re1 Nd3 18. Re3 Nxc1 19. Rxc1 Bd6 20. Rce1 h6 21. R3e2 Bf4 22. Nb3 Bd5 23. Nfd4 Nxd4 24. Nxd4 c5 25. Nb3 b6 26. g3 Bg5 27. h4 Bf6 28. Be4 Bxe4 29. Rxe4 Rd7 30. Kf1 g6 31. Kg2 Kg7 32. Kf1 Rc8 33. R1e2 Rd1+ 34. Kg2 Rcd8 35. R2e3 R8d5 36. Re2 h5 37. R2e3 b5 38. Re2 c4 39. Na5 R1d2 40. Nc6 a6 41. Nb4 Rd6 42. Nc2 Rxe2 43. Rxe2 Kf8 44. a3 a5 45. Kf3 Bg7 46. Kg2 Rd5 47. Kf3 Bh6 48. Nd4 b4 49. axb4 axb4 50. Ke4 Rd7 51. cxb4 f5+ 52. Nxf5 gxf5+ 53. Kxf5 Rb7 54. Kg6 Bg7 55. Kxh5 Rxb4 56. Re4 Bxb2 57. Kg6 Rb6+ 58. Kh5 Rc6 0-1

[Event "ESP-ch U18"]
[Site "Salobrena"]
[Date "2012.07.23"]
[Round "1"]
[White "De la Esperanza Martin, Alberto"]
[Black "Tejedor Fuente, Enrique"]
[Result "0-1"]
[WhiteElo "1907"]
[BlackElo "2254"]
[PlyCount "96"]
[EventDate "2012.07.23"]
[EventType "swiss"]
[EventRounds "9"]
[EventCountry "ESP"]
[SourceTitle "EXT 2014"]
[Source "ChessBase"]
[SourceDate "2013.11.20"]
[SourceVersion "1"]
[SourceVersionDate "2013.11.20"]
[SourceQuality "1"]

1. e4 c5 2. Nf3 e6 3. d4 cxd4 4. Nxd4 a6 5. Be2 Nf6 6. Nc3 Qc7 7. 0-0 d6 8. Kh1 b5 9. a3 Bb7 10. Bf3 Nbd7 11. g3 Nb6 12. Bg2 d5 13. Re1 dxe4 14. Nxe4 Nxe4 15. Bxe4 Bxe4+ 16. Rxe4 Qb7 17. Qf3 Be7 18. Kg1 0-0 19. Bh6 Nd5 20. Rg4 Bf6 21. Rd1 Rfd8 22. Bg5 Bxg5 23. Rxg5 h6 24. Re5 Rac8 25. Re2 Rd7 26. Red2 Rcd8 27. Ne2 Qc7 28. h3 Rc8 29. Kh2 Re7 30. Kg1 a5 31. Nd4 b4 32. axb4 axb4 33. Nf5 Rd7 34. Ne3 Nf6 35. Ng4 Nd5 36. Ne3 Nb6 37. Qe4 Rxd2 38. Rxd2 Ra8 39. Kh2 Ra1 40. Qxb4 Na4 41. Rd1 Rxd1 42. Nxd1 Qxc2 43. Qe1 Nxb2 44. Nxb2 Qxb2 45. Qe3 g6 46. Kg2 Kg7 47. h4 Qb7+ 48. Kh2 Qd5 0-1